Представление документа в формате MARC21

Поле Инд. ПП Название Значение
Тип записи a
Библиографический уровень m
001 Контрольный номер RU/IS/BASE/327666871
005 Дата корректировки 20230905104751.9
040 b Код языка каталог. rus
041 0_ a Код языка текста rus
080 a Индекс УДК 004(075.8)
084 a Индекс другой классификации/Индекс ББК 32.973.202я73
090 a Полочн. индекс 681.3
x Авторский знак К68
097 b Оператор 11
100 1_ a Автор Королёв М. А.
245 10 a Заглавие Информационные системы и структуры данных
b Продолж. заглавия учебник для вузов по спец. "Организация механизированной обработки экономической информации"
c Ответственность под ред. М. А. Королёва
260 a Место издания М.
b Издательство Статистика
c Дата издания 1977
300 a Объем 183 с.
b Иллюстрации/ тип воспроизводства ил.
510 0_ a Примечание о ссылках Книги и методические пособия
650 14 a Основная рубрика 20.23 Информационный поиск
x Основная подрубрика 20.23.21 Информационно-поисковые системы. Банки данных
653 0_ a Ключевые слова информационные системы; обработка информации; применение ЭВМ; данные (выч. тех.)
700 1_ a Другие авторы Клешко Г. Н.
700 1_ a Другие авторы Мишенин А. И.
901 t Тип документа m